Responses for show #3314 - Thursday, January 21, 1999

Contestants

[<< previous game]

Laura McShane, an administrator and outreach officer from Greenbelt, Maryland

Mark Whittinghill, a computer technician and musician from Fayetteville, Arkansas

Debra Bricker, a dance teacher from Columbia, South Carolina (whose 1-day cash winnings total $5,699)

[next game >>]

Jeopardy! Round responses

ON THE "TOWN"
DON KNOTTS
SUSHI
NAME THE ROCKERS
(Alex: You have to identify the group that made the song a hit originally.)
EXTRACURRICULAR ACTIVITIES
ONLINE LINGO
    $100 7
Cooperstown, New York

Debra
    $100 12
Barney Fife

Mark
    $100 24
Seaweed

Mark
    $100 1
The Mamas & The Papas

Laura
    $100 17
Yearbook

Laura
    $100 6
Chat rooms

Debra
    $200 8
Cape Town

Mark
    $200 22
Three's Company

Debra
    $200 27
California roll

Laura
    $200 2
Pink Floyd

Debra
    $200 18
Fraternity

Debra
    $200 13
Crash

Mark
    $300 9
Georgetown

Laura
    $300 23
Pleasantville

Laura
    $300 28
(D: What is horseradish?)

Ginger

DebraLaura
    $300 3
The Bangles

Laura
    $300 19
Debates

Mark
    $300 14
Log on

Laura
    $700 10
Provincetown

Laura
    $400 25
Haunted house

Debra
    $400 29
Roe

Laura
    $400 4
(M: Who is Prince?)

MC Hammer

DebraMark
    $400 20
Resident assistant/advisor

Mark
    $400 15
Download

Mark
    $500 11
Allentown

Laura
    $500 26
(Laura: What is Clue?)

The Love God?

Laura
Triple Stumper
    $500 30
Sashimi

Laura
    $500 5
Led Zeppelin

Mark
    $500 21
Amnesty International

Debra
    $500 16
"Garbage in, garbage out"

Mark

Scores at the first commercial break (after clue 15):

Debra Mark Laura
$800 $1,000 $2,200

Scores at the end of the Jeopardy! Round:

Debra Mark Laura
$1,800 $2,300 $3,500

Double Jeopardy! Round responses

THE WAR OF 1812
EDISON & THE PHONOGRAPH
JERRY SPRINGER'S BIBLE SHOW
(Alex: A category that everyone has been waiting for!)
DOUBLE TALK NAMES
THE FALL
OF THE ROMAN EMPIRE
    $200 6
U.S.S. Constitution

Debra
    $200 15
Menlo Park

Debra
    $200 11
Joseph

Mark
    $200 22
Coco (Chanel)

Laura
    $200 17
Oktoberfest

Laura
    $200 1
Mount Vesuvius

Debra
    $400 7
(Alex: The war was already over.)

Battle of New Orleans

Mark
    $400 27
play backwards

Debra
    $400 12
Adam & Eve

Debra
    $400 23
Mimi

Debra
    $400 18
Election Day

Laura
    $400 2
Concrete

Mark
    $600 8
James Madison

Debra
    $600 28
Light bulb

Laura
    $600 13
Delilah

Laura
    $600 24
Kiki Dee

Laura
    $600 19
Saint Nicholas

Debra
    $600 3
Virgil

Debra
    $1,000 9
Francis Scott Key

Debra
    $800 29
Dictation

Debra
    $3,000 14
(L: Who is Hannah?)

Moses

Laura
    $800 25
Fifi

Mark
    $800 20
Tombstone

Mark
    $800 4
(L: What is Pax Humana?)

Pax Romana

DebraLaura
    $1000 10
Oliver Hazard Perry

Mark
    $1000 30
Scientific American

Mark
    $1000 16
Saul

Mark
    $1000 26
Jo Jo Dancer

Laura
    $1000 21
Sukkot

Laura
    $1000 5
Claudius

Mark

Scores at the end of the Double Jeopardy! Round:

Debra Mark Laura
$8,000 $8,900 $4,300

[wagering suggestions for these scores]

Final Jeopardy! Round responses

NAMES IN THE NEWS
(Alex: It's called the Ronald Reagan Building & International Trade Center; 3.1 million square feet.)
LauraWho was Ronald Reagan?
$2,000
DebraWho is JFK?
$1,000
MarkWho is Reagan?
$8,899
Ronald Reagan

Final scores:

Debra Mark Laura
$7,000 $17,799 $6,300
2nd place: Trip to Hotel Melia Victoria, Majorca, Spain New champion: $17,799 3rd place: Coleman Camping Equipment

Game dynamics:

Coryat scores:

Debra Mark Laura
$7,800 $8,900 $7,000
20 R
(including 1 DD),
1 W
18 R,
1 W
20 R
(including 1 DD),
3 W
(including 1 DD)

Combined Coryat: $23,700

The J! Archive is created by fans, for fans. The Jeopardy! game show and all elements thereof, including but not limited to copyright and trademark thereto, are the property of Jeopardy Productions, Inc. and are protected under law. This website is not affiliated with, sponsored by, or operated by Jeopardy Productions, Inc. Join the discussion at JBoard.tv.